| 000 | 00731nam a2200277Ia 4500 | ||
|---|---|---|---|
| 005 | 20250425160743.0 | ||
| 008 | 250425s9999 xx 000 0 und d | ||
| 020 | _a8448116941 | ||
| 041 | _aspa | ||
| 043 | _asp | ||
| 082 | _a337 | ||
| 100 | _aKRUGMAN, PAUL R. | ||
| 245 | 0 | _aECONOMIA INTERNACIONAL TEORIA Y POLITICA | |
| 250 | _a3A ED. | ||
| 260 |
_aEspaña _bMCGRAW- HILL _c1995 |
||
| 260 | _aMADRID | ||
| 300 | _a961 | ||
| 500 | _aTítulo Traducido: INTERNATIONAL ECONOMIC.THEORY AND POLICY | ||
| 650 | _aBALANZA DE PAGOS | ||
| 650 | _aCOMERCIO INTERNACIONAL | ||
| 650 | _aECONOMIA INTERNACIONAL | ||
| 650 | _aPRODUCTIVIDAD | ||
| 700 |
_aTURMO GARUZ, JOAQUIN _etraductor |
||
| 942 | _c01 | ||
| 010 | _a4450 | ||
| 999 |
_c195474 _d195474 |
||